Seriál : O riadení úverového rizika

Pokračovanie príspevku z predchádzajúceho čísla. Základné rizikové prvky, s ktorými IRB prístup pracuje. Predpoklady a požiadavky IRB.

Gespeichert in:
Bibliographische Detailangaben
1. Verfasser: Pilch, Ctibor, 1957-
Format: Buchkapitel
Sprache:Slowakisch
Schlagworte:
Tags: Tag hinzufügen
Keine Tags, Fügen Sie das erste Tag hinzu!

MARC

LEADER 00000nla$a2200000$$$4500
001 0124158
005 20240502072412.8
041 0 |a slo 
044 |a SK 
245 1 0 |a Seriál : O riadení úverového rizika  |c Ctibor Pilch 
520 |a Pokračovanie príspevku z predchádzajúceho čísla. Základné rizikové prvky, s ktorými IRB prístup pracuje. Predpoklady a požiadavky IRB. 
610 2 0 |a riziko úverové 
610 2 0 |a trh finančný 
610 2 0 |a banky 
610 2 0 |a rating 
610 2 0 |a rating úverový 
100 1 |a Pilch, Ctibor, 1957-